Équipes ayant perdu tous leurs matches de Coupe du monde. - Statistiques

Statistiques générales
  • Ce quiz a été pris 57 fois
  • Le résultat moyen est 5 sur 11
Statistiques - réponses
Hint Matchs joués Réponse % Correct
2022 3 Qatar
80%
2018 3 Panama
73%
2002 3 Chine
53%
2006 3 Togo
47%
1986,2022 6 Canada
43%
1986 3 Irak
39%
1990 3 Émirats arabes unis
35%
1974 3 Haïti
31%
1974 3 Zaïre
29%
1970,1982 6 Salvador
27%
1938 1 Indes orientales néerlandaises
8%
Aucun quiz correspondant
Distribution des résultats
% des personnes avec chaque résultat
Percentile par nombre de réponses
Votre historique - résultats
Vous n’avez pas pris ce quiz